<?xml version="1.0" encoding="UTF-8"?>
<collection xmlns:xsi="http://www.w3.org/2001/XMLSchema-instance" xsi:schemaLocation="http://www.loc.gov/MARC21/slim http://www.loc.gov/standards/marcxml/schema/MARC21slim.xsd" xmlns="http://www.loc.gov/MARC21/slim">
 <record>
  <leader>00000cam a22000003i 4500</leader>
  <controlfield tag="001">UP-1685594773861907584</controlfield>
  <controlfield tag="003">Buklod</controlfield>
  <controlfield tag="005">20130419082616.0</controlfield>
  <controlfield tag="006">g||| |     ||   ||</controlfield>
  <controlfield tag="007">ta</controlfield>
  <controlfield tag="008">150722s2011    xx      r    |000 0|eng d</controlfield>
  <datafield tag="020" ind1=" " ind2=" ">
   <subfield code="a">9789715382311</subfield>
  </datafield>
  <datafield tag="035" ind1=" " ind2=" ">
   <subfield code="a">(iLib)UPBAG-00010051581</subfield>
  </datafield>
  <datafield tag="040" ind1=" " ind2=" ">
   <subfield code="a">DML</subfield>
   <subfield code="d">BAG</subfield>
   <subfield code="e">rda</subfield>
  </datafield>
  <datafield tag="041" ind1="0" ind2=" ">
   <subfield code="a">eng</subfield>
  </datafield>
  <datafield tag="090" ind1=" " ind2="0">
   <subfield code="a">DS 668</subfield>
   <subfield code="b">O72 2011</subfield>
  </datafield>
  <datafield tag="245" ind1="0" ind2="0">
   <subfield code="a">Oral and local history writing</subfield>
   <subfield code="b">seminar-workshop proceedings (2007-2008).</subfield>
  </datafield>
  <datafield tag="264" ind1=" " ind2="1">
   <subfield code="a">Manila</subfield>
   <subfield code="b">National Historical Commission of the Philippines</subfield>
   <subfield code="c">2011.</subfield>
  </datafield>
  <datafield tag="300" ind1=" " ind2=" ">
   <subfield code="a">v, 226 pages</subfield>
   <subfield code="c">23 cm</subfield>
  </datafield>
  <datafield tag="505" ind1="0" ind2=" ">
   <subfield code="a">Historiograpiyang lokal : pagtalakay ng pag-sulat at pagsasaliksik sa kasaysayang pambayan at panlalawigan / Emmanuel F. Calairo -- Archival sources in the writing of local history / Celestina P. Boncan -- The joy of understanding the writing of the history of San Perdo, Laguna / Amalia C. Rosales -- Oral history : an overview / Heidi K. Gloria -- The research and writing of local history / Digna B. Apilado -- Gyerra (War): Lumad children and armed conflict in Mindanao / Anderson Villa -- Reflections on the significance of oral history methodology / Lars Raymund C. Ublado -- The Ilocos region in the 16th-17th centuries / Digna B. Apilado -- Abel: interlocking of Ilocano patience and industry / Marie Rose Q. Rabang -- Ilang tala sa Duang-aw ng mga Ilocano / Lars Raymund C. Ubaldo -- The tribes of Davao / Macario D. Tiu -- Challenging the hegemony, reinventing the national language: a conceptual framework for the study of Philippine history and culture heritage / Antonio J. Montalvan II -- Religions and spirituality of the early inhabitants of Caraga and Davao regions in the Spanish and early American period / Erlinda M. Burton -- Local history in the context of national history / Faina C. Ulindang -- The writing of the history of Vigan / Estrella T. Muhi -- The need to update the writing of Philippine history and textbook / Augusto V. de Viana -- National history: local history as a looking glass / Gil G. Gotiangco, Jr. -- Between two empires: the religious encounter of Spain and America in DUmaguete at the turn of the twentieth century / Regan P. Jomao-as -- Reformative and dissident religious movement in Cebu: 1900-1990 / Delilah R. Labajo -- Spanish colonial-era church construction in Cebu : the church of San Fernando Rey of Liloan / Trizer D. Mansueto -- The district system of the Guihulngan Evangelical Church / Carlos M. Magtolis, Jr.</subfield>
  </datafield>
  <datafield tag="650" ind1=" " ind2="0">
   <subfield code="a">Local history</subfield>
   <subfield code="v">Congresses.</subfield>
  </datafield>
  <datafield tag="651" ind1=" " ind2="0">
   <subfield code="a">Philippines</subfield>
   <subfield code="x">History, Local</subfield>
   <subfield code="v">Congresses.</subfield>
  </datafield>
  <datafield tag="905" ind1=" " ind2=" ">
   <subfield code="a">FI</subfield>
  </datafield>
  <datafield tag="852" ind1="0" ind2=" ">
   <subfield code="a">UPBAG</subfield>
   <subfield code="b">UPBAG-MAIN</subfield>
   <subfield code="h">DS 668 O72 2011</subfield>
  </datafield>
  <datafield tag="942" ind1=" " ind2=" ">
   <subfield code="a">Book</subfield>
  </datafield>
 </record>
</collection>
